000 00590ntaaa2200181 4500
003 01
005 20251027202244.0
008 0714s1973 ag 01
040 _aAR-BaBN
_bspa
_cAR-BaBN
_eaacr
_dRIC
082 _a268.4000 W27
100 _aWashburn, A.V.
_918373
245 _aEm busca dos perdidos
250 _a1 ed.
260 _aRío de Janeiro :
_bCasa Publicadora Batista,
_c1965
300 _a159 p
500 _aBuscando a los perdidos a través de la obra de la escuela dominical en la iglesia. Publicado originalmente en inglés y la biblioteca posee dicha obra.
942 _cBK
999 _c17338
_d17338